MARC

LEADER 00000nam0a2200000 4500
001 246441
005 20231101232215.0
010 |a 0521654122 
035 |a (RuTPU)RU\TPU\book\267891 
035 |a RU\TPU\book\60332 
090 |a 246441 
100 |a 20131204d2000 m y0engy50 ba 
101 0 |a eng 
102 |a GB 
105 |a a j 000zy 
200 1 |a Company to Company. A communicative approach to business correspondence in English  |e Student's Book  |f A. Littlejohn 
205 |a 3rd ed. 
210 |a Cambridge  |c Cambridge University Press  |d 2000 
215 |a 126 p.  |c il. 
225 1 |a Cambridge Professional English 
606 1 |a Английский язык  |x Учебные руководства и пособия  |x Учебные руководства и пособия для высшей школы  |2 stltpush  |3 (RuTPU)RU\TPU\subj\29071  |9 52483 
610 1 |a устная речь 
610 1 |a лексика 
610 1 |a письменная речь 
610 1 |a деловая корреспонденция 
610 1 |a бизнес 
686 |a Ш143.21-923  |v LBC/SL-A  |2 rubbk 
700 1 |a Littlejohn  |b A.  |g Andrew 
801 1 |a RU  |b 63413507  |c 20031024  |g PSBO 
801 2 |a RU  |b 63413507  |c 20141024  |g PSBO 
942 |c BK